000
00316nam a22001337a 4500
008
180205b xxu||||| |||| 00| 0 eng d
020
_a
2900077826849
041
_a
eng
080
_2
50ed
_a
004
100
_a
30
101
_a
shk
245
_a
computer accouting with quikbooks 2013
_c
donna.k
942
_2
udc
_c
BK
999
_c
41715
_d
41715